000
00291nam a2200121Ia 4500
008
151213s9999 xx 000 0 und d
245
_a
The Random House Thesaurus
260
_a
New York
_b
Random House
_c
1984
300
_a
2691 p.
650
_a
Thesaurus
650
_a
Thesaurus
999
_c
1803
_d
1803